Вторые по населению города стран Евразии - Statistics

General Stats
  • This quiz has been taken 81 times
  • The average score is 23 of 82
Answer Stats
Страна Город % Correct
Испания Барселона
94%
Россия Санкт-Петербург
87%
Франция Марсель
84%
Португалия Порту
73%
Италия Милан
73%
Украина Харьков
73%
Турция Анкара
70%
Израиль Тель-Авив
67%
Польша Краков
66%
Нидерланды Роттердам
64%
Белоруссия Гомель
60%
Китай Пекин
60%
Бельгия Антверпен
58%
Германия Гамбург
58%
Казахстан Астана
58%
Швейцария Женева
57%
Грузия Батуми
57%
ОАЭ Абу-Даби
52%
Индия Дели
49%
Литва Каунас
46%
Великобритания Бирмингем
42%
Греция Салоники
40%
Узбекистан Самарканд
40%
Вьетнам Ханой
40%
Чехия Брно
36%
Южная Корея Пусан
36%
Сирия Дамаск
34%
Эстония Тарту
33%
Австрия Грац
31%
Армения Гюмри
31%
Швеция Гетеборг
30%
Хорватия Сплит
28%
Сербия Нови-Сад
28%
Киргизия Ош
28%
Пакистан Лахор
28%
Латвия Даугавпилс
27%
Кипр Лимассол
27%
Словения Марибор
24%
Словакия Кошице
24%
Палестина Восточный Иерусалим
24%
Саудовская Аравия Джидда
24%
Ирландия Корк
22%
Норвегия Берген
22%
Афганистан Кандагар
22%
Венгрия Дебрецен
21%
Болгария Пловдив
21%
Йемен Аден
19%
Молдова Бельцы
18%
Ирак Мосул
18%
Япония Иокогама
18%
Финляндия Эспоо
16%
Босния и Герцеговина Баня-Лука
16%
Ливан Триполи
16%
Дания Орхус
13%
Албания Дуррес
13%
Азербайджан Сумгаит
13%
Румыния Клуж-Напока
12%
Таджикистан Худжанд
12%
Туркменистан Туркменабад
10%
Бангладеш Читтагонг
9%
Индонезия Сурабая
9%
Иран Мешхед
7%
Мьянма Мандалай
7%
Люксембург Эш-сюр-Альзетт
6%
Малайзия Джохор-Бару
6%
Исландия Коупавогюр
4%
Македония Битола
4%
Таиланд Чиангмай
4%
Мальта Моста
3%
Черногория Никшич
3%
Непал Покхара
3%
Иордания Эз-Зарка
1%
Оман Салала
1%
Кувейт Хавалли
1%
Бутан Пхунчхолинг
1%
КНДР Хамхын
1%
Тайвань Тайчжун
1%
Бахрейн Мухаррак
0%
Катар Эр-Райян
0%
Шри-Ланка Дехивала-Маунт-Лавиния
0%
Лаос Саваннакхет
0%
Камбоджа Такмау
0%
No matching quizzes found
Score Distribution
Percent of People with Each Score
Percentile by Number Answered
Your Score History
You have not taken this quiz